Missing Word: 20th Century A-Z Quiz Stats

 Plays Quiz Updated Sep 1, 2014

Support Sporcle.
Go Orange.
Score 0/26 Timer 04:00
1 Play Today
Clue Answer % Correct
____ Elizabeth IIQueen
95%
____ Missile Crisis, 1962Cuban
94.8%
____ Delano RooseveltFranklin
93%
____ Chi MinhHo
92%
Battle of Iwo ____, 1945Jima
85.5%
Camp ____ Accords, 1978David
83%
Idi ____Amin
82.6%
____ Pact, 1955-91Warsaw
77.1%
____ LeninVladimir
76.9%
Boris ____Yeltsin
75.5%
Khmer ____Rouge
70.2%
____ MeirGolda
69.8%
Anwar ____Sadat
69.6%
Clue Answer % Correct
Mao ____Zedong
61.5%
Benazir ____Bhutto
59.5%
Jawaharlal ____Nehru
45.9%
Josip Broz ____Tito
40.3%
____ Revolution, 1917October
34.2%
Spanish ____, 1918Influenza
33%
Zhou ____Enlai
32.8%
Mau Mau ____, 1952-60Uprising
32%
Battle of Dien Bien ____, 1954Phu
31.4%
Ruhollah ____Khomeini
29.4%
Deng ____Xiaoping
25.3%
____ Kemal AtatürkMustafa
19.7%
Battle of ____ Gulf, 1944Leyte
15.8%

Today's Daily Dose

You're not logged in!

Compare scores with friends on all Sporcle quizzes.
OR
Log In

From the Vault

Find the TV Female Nerds

by ghcgh

"Guess who's got two thumbs, speaks limited French, and hasn't cried once today?"
Remove Ads.
Support Sporcle.
Get the best of Sporcle when you Go Orange. This ad-free experience offers more features, more stats, and more fun while also helping to support Sporcle. Thank you for becoming a member.

Show Comments

Extras

Top Quizzes Today


Score Distribution

Your Account Isn't Verified!

In order to create a playlist on Sporcle, you need to verify the email address you used during registration. Go to your Sporcle Settings to finish the process.

Report this User

Report this user for behavior that violates our Community Guidelines.

Details: